000 00455pab a2200169 454500
008 180718b2006 xxu||||| |||| 00| 0 eng d
100 _aNewman, Kathe
245 _aThe right to stay put, revisited: gentrification and resistance of displacement in New York city
260 _c2006
300 _ap.23-57.
362 _aJan-Mar
650 _aUrban development
700 _aWyly, Elvin K.
773 _aUrban Studies
908 _aN
909 _a75071
999 _c75071
_d75071